Statystyki dla Wyrazy zakończone na -waga

Kliknij tutaj aby rozwiązać quiz!

Ogólne statystyki

  • Ten quiz został rozwiązany 301 razy
  • Średni wynik to 7 z 26

Statystyki odpowiedzi

HintOdpowiedź% Poprawnych
4-literowewaga
93%
5-literoweuwaga
77%
6-literowepowaga
75%
7-literowenadwaga
68%
6-literoweodwaga
60%
9-literoweniedowaga
59%
7-literowerozwaga
47%
8-literowezniewaga
42%
8-literoweprzewaga
41%
9-literowerównowaga
39%
6-literowedowaga
26%
5-literowekwaga
23%
8-literowenieuwaga
20%
11-literoweprzeciwwaga
16%
6-literowenawaga
10%
10-literowenierozwaga
9%
12-literowenierównowaga
6%
9-literowewaserwaga
3%
9-literowemikrowaga
2%
8-literoweśródwaga
2%
8-literowestelwaga
2%
9-literowegrundwaga
1%
12-literowepseudoodwaga
1%
9-literowesztelwaga
1%
9-literowetermowaga
1%
10-literowewszechwaga
1%

Rozkład punktacji

Percentyl według liczby udzielonych odpowiedzi

Procent ludzi z każdym wynikiem

Twoja historia wyników

Nie rozwiązałeś tego quizu